000 01031nam a2200289 i 4500
001 16037
003 ES-MaACL
005 20250821111319.0
007 t|
008 000619s1997 sp ||||0| spa j
020 _a84-249-1888-6
040 _aM-BN
_bspa
_cM-BN
080 _a61(035.3)"01"
100 1 _aGaleno.
_953373
245 1 0 _aSobre la localización de las enfermedades
_b: (de locis affectis) /
_cGaleno ; introducciones de Luis García Ballester ; traducción y notas de Salud Andrés Aparicio.
260 _aMadrid :
_bGredos,
_c[1997]
300 _a462 p. ;
_c20 cm.
490 1 _aBiblioteca clásica Gredos ;
_v248
500 _aTraducción de: Perái ton peponthóton tópon.
650 1 4 _aMedicina-
_vObras anteriores a 1800
_914912
700 1 _aGarcía Ballester, Luis,
_d1936-2000
_954214
700 1 _aAndrés Aparicio, Salud.
_921591
830 0 _aBiblioteca clásica Gredos ;
_v248
_9177556
852 _aES-MaACL
_jL-23351
_bR.128502
999 _c16037
_d16037